Appellations of the Loire Valley (typing) - Statistics

General Stats
  • This quiz has been taken 299 times
  • The average score is 11 of 14
Answers on the Map
Answers color-coded by a green-red scale on the quiz's map according to % correct below.
 
Answer Stats
Appellation % Correct
Sancerre
94%
Muscadet
88%
Pouilly-Fumé
87%
Saumur
85%
Anjou
84%
Touraine
84%
Vouvray
84%
Chinon
78%
Saumur-Champigny
69%
Savennières
69%
Muscadet Sèvre et Maine
67%
Bourgueil
66%
Coteaux du Layon
66%
Menetou-Salon
66%
No matching quizzes found
Score Distribution
Percent of People with Each Score
Percentile by Number Answered
Your Score History
You have not taken this quiz